000 00474nam a2200181Ia 4500
008 090124s9999 xx 000 0 und d
082 _b124016
100 _aमंगेशकर गीता
245 _a जागृती
250 _a1
260 _c1990
300 _a256
600 _aमंगेशकर गीता
630 _a जागृती
700 _aमंगेशकर गीता
730 _a जागृती
942 _cBOOK
999 _c170103
_d170103